MARC

Tag First Indicator Second Indicator Subfields
LEADER 00000cam a2200000Ia 4500
001 in00004374607
005 20220105160745.0
008 110603s2010 dcua bc f000 0 eng d
035 |a (OCoLC)ocn729835167 
035 |a (OCoLC)729835167 
040 |a DDO  |b eng  |c DDO  |d OCLCF  |d OCLCO  |d OCLCQ  |d CHVBK  |d ZYU  |d UtOrBLW 
043 |a a-ir--- 
049 |a TXAM 
050 4 |a ND3399.F5  |b A78 2010 
110 2 |a Arthur M. Sackler Gallery (Smithsonian Institution)  |0 http://id.loc.gov/authorities/names/n85298520 
245 1 0 |a Shahnama :  |b 1000 years of the Persian Book of Kings. 
264 1 |a [Washington, D.C.] :  |b [Freer/Sackler, The Smithsonian's Museums of Asian Art],  |c [2010?] 
300 |a 24 unnumbered pages :  |b color illustrations ;  |c 31 cm 
336 |a text  |b txt  |2 rdacontent 
337 |a unmediated  |b n  |2 rdamedia 
338 |a volume  |b nc  |2 rdacarrier 
500 |a Caption title. 
500 |a Brochure to accompany an exhibition at the Arthur M. Sackler Gallery, Washington, D.C., Oct. 23, 2010-Apr. 17, 2011. 
504 |a Includes bibliographical references. 
600 0 0 |a Firdawsī.  |t Shāhnāmah  |x Illustrations  |v Exhibitions. 
650 0 |a Illumination of books and manuscripts, Iranian  |v Exhibitions. 
650 0 |a Manuscripts, Persian  |v Exhibitions. 
630 0 7 |a Shāhnāmah (Firdawsī)  |2 fast  |0 (OCoLC)fst01357173 
650 7 |a Illumination of books and manuscripts, Iranian.  |2 fast  |0 (OCoLC)fst00967304 
650 7 |a Illustration of books.  |2 fast  |0 (OCoLC)fst00967406 
650 7 |a Manuscripts, Persian.  |2 fast  |0 (OCoLC)fst01008462 
600 0 7 |a Firdausī,  |d 940-1020.  |t Šāhnāma.  |0 (DE-588)4211037-3  |2 gnd 
650 7 |a Buchmalerei.  |0 (DE-588)4008650-1  |2 gnd 
651 7 |a Iran.  |0 (DE-588)4027653-3  |2 gnd 
655 7 |a Exhibition catalogs.  |2 fast  |0 (OCoLC)fst01424028 
710 2 |a Freer Gallery of Art.  |0 http://id.loc.gov/authorities/names/n80085247 
994 |a C0  |b TXA 
999 f f |s 5f439da3-7174-3d9a-aa4c-b2f48dbc57ab  |i 404eec26-35ec-3421-a681-303e810426c1  |t 0 
952 f f |p noncirc  |a Texas A&M University  |b College Station  |c Cushing Memorial Library & Archives  |d Cushing: Area Studies/Africana (Does not check out)  |t 0  |e ND3399.F5 A78 2010  |f Vertical file  |h Library of Congress classification  |i unmediated -- volume 
998 f f |a ND3399.F5 A78 2010  |t 0  |l Cushing: Area Studies/Africana (Does not check out)